Το χαμόγελο της Τζοκόντας

Αποθηκεύτηκε σε:
Λεπτομέρειες βιβλιογραφικής εγγραφής
Κύριος συγγραφέας: Φιλίππου, Φίλιππος Φ., 1948-
Μορφή: Βιβλίο
Γλώσσα:Greek
Δημοσίευση: [Αθήνα] : Δημοσιογραφικός Οργανισμός Λαμπράκη, c2011.
Σειρά:Ελληνικές αστυνομικές ιστορίες
Θέματα:
Ετικέτες: Προσθήκη ετικέτας
Δεν υπάρχουν, Καταχωρήστε ετικέτα πρώτοι!

MARC

LEADER 00000cam a2200000 a 4500
001 1/121448
008 200602s2011####gr | ||| |||| ||gre||
020 |a 9789605030094 
040 |a GR-MyUa  |b gre  |c GR-MyUa  |e AACR2 
041 0 |a gre 
082 7 |a 889.3   |2 (23) 
100 1 |a Φιλίππου, Φίλιππος Φ.,   |d 1948- 
245 1 3 |a Το χαμόγελο της Τζοκόντας /   |c Φίλιππος Φιλίππου ; εισαγωγικό σημείωμα Ελένη Κεχαγιόγλου. 
260 |a [Αθήνα] :   |b Δημοσιογραφικός Οργανισμός Λαμπράκη,   |c c2011. 
300 |a 332 σ. ;   |c 20 εκ. 
490 1 |a (Ελληνικές αστυνομικές ιστορίες) 
500 |a Ειδική έκδοση για την εφημερίδα "Το Βήμα". 
650 0 |a Greek fiction. 
830 0 |a Ελληνικές αστυνομικές ιστορίες 
852 |a INST  |b SYROS  |e 20200602  |h 889.3 ΦΙΛ  |p 005500014920  |q 005500014920  |t BK  |y 0 
920 |a Κοντού  |b Δέσποινα  |y Σύρος  |z 2019-04 
970 |a Κοντού  |b Παρασκευή  |z 02/06/2020